• 首页
  • 本馆介绍
  • 公告通知
  • 最新文献
  • 馆藏检索
  • 电子资源
  • 读者导购
  • 参考咨询
  • 我的图书馆
  • 登录
  • 详细信息显示
  • 放入我的书架
  • 预约/预借图书
  • 作者相关作品
  • 分类相关作品
  • 丛书相关作品
  • 出版社相关作品

书目信息

  • 表格格式
  • 工作单格式
  • 卡片格式
题名:
当代潜艇和反潜作战
    
 
作者: 弗里德曼 , 查恩特 著 ;西风 编译
分册:  
出版信息: 北京   中国市场出版社  2018.02
页数: 227页
开本: 26cm
丛书名:
单 册:
中图分类: E925.66 , E925.4
科图分类:
主题词: 潜艇--qian ting--介绍--世界 , 反潜战--fan qian zhan--介绍--世界
电子资源:
ISBN: 978-7-5092-1623-1
000 01398nam0 2200301 450
001 CAL 0120182379532
005 20181203155259.53
010    @a978-7-5092-1623-1@b@dCNY68.00
100    @a20180117d2018 em y0chiy50 ea
101 1  @achi@ceng
102    @aCN@b110000
105    @aa z 000yy
106    @ar
200 1  @a当代潜艇和反潜作战@Adang dai qian ting he fan qian zuo zhan@f(美) 诺曼·弗里德曼, 克里斯·查恩特等著@d= Submarine and anti-submarine warfare@fNorman Friedman, Chris Chant@g西风编译@zeng
210    @a北京@c中国市场出版社@d2018.02
215    @a227页@c彩图@d26cm
330    @a本书讲述了当代潜艇的发展, 以及各国的反潜作战的应用。进行反潜作战的作战平台最初是以水面舰艇主执行, 驱逐舰由原先驱逐鱼雷艇的任务转变为对付潜艇之后, 成为最主要的水面反潜载具。其他类似的舰艇还包括各种巡防舰护卫舰或者是巡逻艇。第二次世界大战结束之后, 反潜机成为专门的新军用航空器, 即使机体可能来自于其他机种, 也比过去的改良机种具备更高的效率和作战能力。
500 10 @aSubmarine and anti-submarine warfare@mChinese
606 0  @a潜艇@Aqian ting@x介绍@y世界
606 0  @a反潜战@Afan qian zhan@x介绍@y世界
690    @aE925.66@v5
690    @aE925.4@v5
701  1 @a弗里德曼@Afu li de man@g(Friedman, Norman)@4著
701  1 @a查恩特@Acha en te@g(Chant, Chris)@4著
702  0 @a西风@Axi feng@4编译
801  0 @aCN@b人天书店@c20180117@g
905    @aBZT@dE925.66@e3
906    @dCNY68.00@n3@r1
    
    当代潜艇和反潜作战/(美) 诺曼·弗里德曼, 克里斯·查恩特等著= Submarine and anti-submarine warfare/Norman Friedman, Chris Chant/西风编译.-北京:中国市场出版社,2018.02
    227页:彩图;26cm
    
    
    ISBN 978-7-5092-1623-1:CNY68.00
    本书讲述了当代潜艇的发展, 以及各国的反潜作战的应用。进行反潜作战的作战平台最初是以水面舰艇主执行, 驱逐舰由原先驱逐鱼雷艇的任务转变为对付潜艇之后, 成为最主要的水面反潜载具。其他类似的舰艇还包括各种巡防舰护卫舰或者是巡逻艇。第二次世界大战结束之后, 反潜机成为专门的新军用航空器, 即使机体可能来自于其他机种, 也比过去的改良机种具备更高的效率和作战能力。
●
相关链接 在五车中查询图书 在当当中查询图书 在豆瓣中查询图书


正题名:当代潜艇和反潜作战     索取号:E925.66/3         预约/预借

序号 登录号 条形码 馆藏地/架位号 状态 备注
1 849597   2000849597   第二书库/ [索取号:E925.66/3] 在馆    
2 849598   2000849598   第二书库/ [索取号:E925.66/3] 在馆    
3 849599   2000849599   思政阅览室/思1架B面4层3列/ [索取号:E925.66/3] 在馆    
山东省滨州职业学院图书馆 欢迎您!
大连网信软件有限公司© 版权所有